[Event "Caribean-chT 24th"]
[Site "San Salvador"]
[Date "2023.07.06"]
[Round "2.2"]
[White "Del Castilho, Martyn Simon"]
[Black "Ibarra Chami, Luis Fernando"]
[Result "0-1"]
[WhiteElo "2126"]
[BlackElo "2450"]
[PlyCount "42"]
[EventDate "2023.07.06"]
[EventType "tourn"]
[EventRounds "15"]
[EventCountry "ESA"]
[SourceTitle "CBM 215 Extra"]
[Source "ChessBase"]
[SourceDate "2023.09.30"]
[SourceVersion "1"]
[SourceVersionDate "2023.09.30"]
[SourceQuality "1"]
[WhiteTeam "Barbados"]
[BlackTeam "Mexico"]
[WhiteTeamCountry "BAR"]
[BlackTeamCountry "MEX"]

1. e4 c5 2. c3 d5 3. exd5 Nf6 4. Bb5+ Nbd7 5. d4 a6 6. Be2 Nxd5 7. Nf3 e6 8. 0-0 Be7 9. c4 N5f6 10. Nc3 0-0 11. dxc5 Nxc5 12. Qc2 b6 13. b4 Ncd7 14. a3 Bb7 15. Rd1 Qc7 16. Bb2 Rac8 17. Nd2 Qf4 18. Rac1 a5 19. Qb3 Ne5 20. Bf1 Nfg4 21. h3 Qh2# 0-1

[Event "Caribean-chT 24th"]
[Site "San Salvador"]
[Date "2023.07.06"]
[Round "8.2"]
[White "Del Castilho, Martyn Simon"]
[Black "Lee, Hayden"]
[Result "1-0"]
[WhiteElo "2126"]
[BlackElo "1757"]
[PlyCount "77"]
[EventDate "2023.07.06"]
[EventType "tourn"]
[EventRounds "15"]
[EventCountry "ESA"]
[SourceTitle "CBM 215 Extra"]
[Source "ChessBase"]
[SourceDate "2023.09.30"]
[SourceVersion "1"]
[SourceVersionDate "2023.09.30"]
[SourceQuality "1"]
[WhiteTeam "Barbados"]
[BlackTeam "Trinidad and Tobago"]
[WhiteTeamCountry "BAR"]
[BlackTeamCountry "TRI"]

1. e4 c5 2. c3 b6 3. d4 e6 4. d5 d6 5. c4 Nf6 6. Nc3 a6 7. a4 h6 8. f4 g6 9. Nf3 Bg7 10. Bd3 0-0 11. 0-0 Bb7 12. Qe1 Nbd7 13. Qg3 Nh5 14. Qh3 e5 15. f5 Nf4 16. Bxf4 exf4 17. fxg6 fxg6 18. Qe6+ Kh7 19. e5 Qe8 20. exd6 Rf6 21. Qe7 Rf7 22. Qxe8 Rxe8 23. Rae1 Re3 24. Rxe3 fxe3 25. Ng5+ hxg5 26. Rxf7 Bc8 27. Be2 Ne5 28. Rc7 Bf5 29. g4 Nxg4 30. d7 Bxd7 31. Rxd7 Ne5 32. Rb7 b5 33. cxb5 axb5 34. Nxb5 Kh6 35. a5 g4 36. a6 Nf3+ 37. Kg2 Nd4 38. Nxd4 cxd4 39. a7 1-0

[Event "Caribean-chT 24th"]
[Site "San Salvador"]
[Date "2023.07.06"]
[Round "10.2"]
[White "Del Castilho, Martyn Simon"]
[Black "Ynojosa Aponte, Felix Jose"]
[Result "1-0"]
[WhiteElo "2126"]
[BlackElo "2413"]
[PlyCount "107"]
[EventDate "2023.07.06"]
[EventType "tourn"]
[EventRounds "15"]
[EventCountry "ESA"]
[SourceTitle "CBM 215 Extra"]
[Source "ChessBase"]
[SourceDate "2023.09.30"]
[SourceVersion "1"]
[SourceVersionDate "2023.09.30"]
[SourceQuality "1"]
[WhiteTeam "Barbados"]
[BlackTeam "Venezuela"]
[WhiteTeamCountry "BAR"]
[BlackTeamCountry "VEN"]

1. e4 c5 2. c3 d5 3. exd5 Qxd5 4. d4 Nc6 5. Nf3 Bg4 6. dxc5 Qxd1+ 7. Kxd1 e5 8. b4 0-0-0+ 9. Nbd2 Nf6 10. Kc2 e4 11. Ng5 Bf5 12. Kb2 Ne5 13. f4 exf3 14. Ndxf3 Nxf3 15. gxf3 Bg6 16. Bc4 Rd7 17. Bf4 h6 18. Ne4 Nxe4 19. fxe4 Be7 20. Bb5 Rdd8 21. Rad1 Bg5 22. Bd6 Bxe4 23. Rhf1 f5 24. Bc4 Rde8 25. Bf7 a6 26. Bxe8 Rxe8 27. Rde1 Bf6 28. Rxf5 Kd7 29. Rf4 Bg6 30. Rxe8 Bxe8 31. Rg4 Ke6 32. Re4+ Kf7 33. Kb3 Bc6 34. Re1 g5 35. a4 h5 36. Rf1 g4 37. Be5 Bf3 38. Bxf6 Kxf6 39. b5 Ke5 40. c6 bxc6 41. bxa6 Be2 42. a7 Bxf1 43. a8Q Bg2 44. Qb8+ Ke4 45. a5 h4 46. a6 Kf3 47. Qb7 Kf2 48. a7 c5 49. Qxg2+ Kxg2 50. a8Q+ Kxh2 51. Qe4 Kh3 52. Qf5 Kg3 53. Kc2 h3 54. Qe4 1-0

[Event "Caribean-chT 24th"]
[Site "San Salvador"]
[Date "2023.07.06"]
[Round "3.2"]
[White "Duran Vega, Sergio"]
[Black "Del Castilho, Martyn Simon"]
[Result "1/2-1/2"]
[WhiteElo "2329"]
[BlackElo "2126"]
[PlyCount "104"]
[EventDate "2023.07.06"]
[EventType "tourn"]
[EventRounds "15"]
[EventCountry "ESA"]
[SourceTitle "CBM 215 Extra"]
[Source "ChessBase"]
[SourceDate "2023.09.30"]
[SourceVersion "1"]
[SourceVersionDate "2023.09.30"]
[SourceQuality "1"]
[WhiteTeam "Costa Rica"]
[BlackTeam "Barbados"]
[WhiteTeamCountry "CRI"]
[BlackTeamCountry "BAR"]

1. Nf3 d5 2. g3 Nf6 3. Bg2 e6 4. 0-0 Be7 5. b3 0-0 6. Bb2 c5 7. e3 Nc6 8. d4 cxd4 9. exd4 b6 10. Nbd2 Ba6 11. Re1 Rc8 12. c3 Bd3 13. Nf1 Be4 14. Bh3 h6 15. N3d2 Bh7 16. Ne3 b5 17. b4 a5 18. a3 a4 19. Qe2 Qb6 20. Ng2 Nd8 21. Nf4 Ne4 22. Nxe4 Bxe4 23. Nd3 Nb7 24. Nc5 Qc6 25. Bc1 Nd6 26. Qh5 Bg6 27. Qe2 Bf5 28. Bxf5 Nxf5 29. Bf4 Bd6 30. Bxd6 Nxd6 31. Qh5 Nc4 32. h4 Rce8 33. f4 f6 34. Qg6 Qd6 35. Re2 e5 36. dxe5 fxe5 37. Qxd6 Nxd6 38. fxe5 Nc4 39. e6 Rf3 40. Kg2 Rxc3 41. Rae1 Rxa3 42. e7 Rc3 43. Na6 Nd6 44. Re6 Ne4 45. Re5 Rc2+ 46. Kg1 a3 47. Rxd5 Rxe7 48. Nc5 a2 49. Rd8+ Kh7 50. Ra8 Nxc5 51. Rxe7 Nb3 52. Rea7 a1Q+ 1/2-1/2

[Event "Caribean-chT Rapid 24th"]
[Site "San Salvador"]
[Date "2023.07.05"]
[Round "14.2"]
[White "Arvelo Leo, Gian Carlo"]
[Black "Del Castilho, Martyn Simon"]
[Result "0-1"]
[WhiteElo "2075"]
[BlackElo "2179"]
[PlyCount "66"]
[EventDate "2023.07.03"]
[EventType "tourn (rapid)"]
[EventRounds "15"]
[EventCountry "ESA"]
[SourceTitle "CBM 215 Extra"]
[Source "ChessBase"]
[SourceDate "2023.09.30"]
[SourceVersion "1"]
[SourceVersionDate "2023.09.30"]
[SourceQuality "1"]
[WhiteTeam "Dominican Republic"]
[BlackTeam "Barbados"]
[WhiteTeamCountry "DOM"]
[BlackTeamCountry "BAR"]

1. Nf3 d5 2. g3 Nf6 3. Bg2 e6 4. 0-0 Be7 5. c4 0-0 6. b3 d4 7. Bb2 Nc6 8. e3 e5 9. exd4 exd4 10. d3 Bf5 11. Nh4 Bg4 12. Bf3 Bh3 13. Re1 Nd7 14. Ng2 Nde5 15. Nf4 Nxf3+ 16. Qxf3 Qd7 17. Nxh3 Qxh3 18. Re4 Bf6 19. Nd2 Bg5 20. Qe2 f5 21. Re6 Bxd2 22. Rxc6 bxc6 23. Qxd2 f4 24. Qe2 Rae8 25. Qf1 Qxf1+ 26. Kxf1 fxg3 27. hxg3 c5 28. Ba3 Re5 29. Re1 Rfe8 30. Rd1 Kf7 31. Kg2 Ke6 32. Bc1 Kd7 33. Rh1 Re1 0-1

[Event "Caribean-chT Rapid 24th"]
[Site "San Salvador"]
[Date "2023.07.05"]
[Round "13.2"]
[White "Del Castilho, Martyn Simon"]
[Black "Ynojosa Aponte, Felix Jose"]
[Result "1/2-1/2"]
[WhiteElo "2179"]
[BlackElo "2406"]
[PlyCount "81"]
[EventDate "2023.07.03"]
[EventType "tourn (rapid)"]
[EventRounds "15"]
[EventCountry "ESA"]
[SourceTitle "CBM 215 Extra"]
[Source "ChessBase"]
[SourceDate "2023.09.30"]
[SourceVersion "1"]
[SourceVersionDate "2023.09.30"]
[SourceQuality "1"]
[WhiteTeam "Barbados"]
[BlackTeam "Venezuela"]
[WhiteTeamCountry "BAR"]
[BlackTeamCountry "VEN"]

1. e4 c5 2. c3 Nf6 3. e5 Nd5 4. Nf3 Nc6 5. Bc4 Nb6 6. Bb3 c4 7. Bc2 d5 8. exd6 Qxd6 9. 0-0 Bg4 10. Re1 0-0-0 11. Na3 Qf6 12. Qe2 Bxf3 13. gxf3 e6 14. Nxc4 Nxc4 15. Qxc4 Qxf3 16. Qe4 Qf6 17. d4 Bd6 18. Qg2 h6 19. Be4 Kc7 20. a4 Bf4 21. Bxf4+ Qxf4 22. a5 Qg5 23. Bxc6 bxc6 24. Qg3+ Qxg3+ 25. hxg3 h5 26. Re4 Kd6 27. Rae1 Rb8 28. b4 Rb5 29. Kg2 a6 30. Re5 h4 31. gxh4 Rxh4 32. Rxb5 cxb5 33. Re5 f6 34. Rc5 e5 35. dxe5+ fxe5 36. f3 g5 37. Rc8 Kd5 38. Rc5+ Kd6 39. Rc8 Kd5 40. Rc5+ Kd6 41. Rc8 1/2-1/2

[Event "Caribean-chT Rapid 24th"]
[Site "San Salvador"]
[Date "2023.07.03"]
[Round "2.2"]
[White "Leon Archibaldo, Orlando Andres"]
[Black "Del Castilho, Martyn Simon"]
[Result "1-0"]
[WhiteElo "2182"]
[BlackElo "2179"]
[PlyCount "75"]
[EventDate "2023.07.03"]
[EventType "tourn (rapid)"]
[EventRounds "15"]
[EventCountry "ESA"]
[SourceTitle "CBM 215 Extra"]
[Source "ChessBase"]
[SourceDate "2023.09.30"]
[SourceVersion "1"]
[SourceVersionDate "2023.09.30"]
[SourceQuality "1"]
[WhiteTeam "Panama"]
[BlackTeam "Barbados"]
[WhiteTeamCountry "PAN"]
[BlackTeamCountry "BAR"]

1. e4 c6 2. d4 d5 3. Nc3 g6 4. e5 Bg7 5. Nf3 Bg4 6. Be2 Bxf3 7. Bxf3 e6 8. 0-0 Ne7 9. Bg5 0-0 10. Qd2 Nd7 11. Nd1 Re8 12. h4 h6 13. Bf4 Nf5 14. g3 c5 15. c3 cxd4 16. cxd4 Nb6 17. b3 Rc8 18. Bg4 Kh7 19. Bxf5 exf5 20. Nb2 Rc6 21. Nd3 Nd7 22. Nb4 Rc8 23. Rac1 Rxc1 24. Rxc1 Nf8 25. Rc5 Ne6 26. Rxd5 Qe7 27. Rd6 Nxf4 28. Qxf4 Qc7 29. h5 Bf8 30. Nd5 Qc2 31. Nf6+ Kg7 32. Nxe8+ Kg8 33. hxg6 Qd1+ 34. Kg2 Bg7 35. gxf7+ Kxf7 36. Qxf5+ Ke7 37. Rd7+ Kxe8 38. Qf7# 1-0

[Event "American Continental 17th"]
[Site "Juan Dolio"]
[Date "2023.05.18"]
[Round "5"]
[White "Meier, Georg"]
[Black "Del Castilho, Martyn Simon"]
[Result "1/2-1/2"]
[WhiteElo "2614"]
[BlackElo "2261"]
[PlyCount "152"]
[EventDate "2023.05.15"]
[EventType "swiss"]
[EventRounds "11"]
[EventCountry "DOM"]
[SourceTitle "CBM 214 Extra"]
[Source "ChessBase"]
[SourceDate "2023.07.31"]
[SourceVersion "1"]
[SourceVersionDate "2023.07.31"]
[SourceQuality "1"]

1. Nf3 d5 2. e3 Nf6 3. c4 e6 4. Nc3 Bd6 5. b3 0-0 6. Bb2 Re8 7. d4 Nbd7 8. Be2 b6 9. cxd5 exd5 10. 0-0 a6 11. a3 Bb7 12. b4 Ne4 13. Rc1 Re6 14. Bd3 Rh6 15. h3 Ng5 16. Bf5 Nxf3+ 17. Qxf3 Nf6 18. Rfe1 a5 19. b5 Qf8 20. a4 Re8 21. Bc2 Ne4 22. Qd1 Qe7 23. Bb3 Qg5 24. f4 Qg3 25. Nxe4 Rxe4 26. Qg4 Bxf4 27. Qxg3 Bxg3 28. Re2 Rhe6 29. Rc3 Rxd4 30. Rxc7 Bxc7 31. Bxd4 Be5 32. Rc2 Kf8 33. Kf2 Bxd4 34. exd4 Ke8 35. Rc3 Kd7 36. Bc2 Kd6 37. Bxh7 g6 38. h4 Re4 39. h5 Rxd4 40. h6 Rh4 41. Rh3 Rxh3 42. gxh3 Ke7 43. Bxg6 Kf6 44. h7 Kg7 45. Bxf7 d4 46. Bg6 Bd5 47. Bc2 Be6 48. h4 d3 49. Bd1 Bf5 50. Ke3 Bxh7 51. Bb3 Kh6 52. Bd1 Bg6 53. Kd4 Bh7 54. Ke5 Bg6 55. Kf4 Bf7 56. Ke3 Bg6 57. Kd2 Bh7 58. Kc3 Bg6 59. Kc4 Bf5 60. h5 Bh7 61. Kd5 Bg8+ 62. Ke4 Bh7+ 63. Kf4 Bg8 64. Kf5 Bh7+ 65. Kf6 Bg8 66. Ke5 Kg5 67. Kd4 Bh7 68. Kd5 Bg8+ 69. Kc6 Bf7 70. Kxb6 Bxh5 71. Bb3 d2 72. Kxa5 Bf7 73. Bd1 Bh5 74. Kb4 Bxd1 75. Kc3 Bxa4 76. Kxd2 Bxb5 1/2-1/2

[Event "Central America-ch 24th"]
[Site "San Salvador"]
[Date "2023.01.21"]
[Round "6"]
[White "Del Castilho, Martyn Simon"]
[Black "Ynojosa Aponte, Felix Jose"]
[Result "0-1"]
[WhiteElo "2182"]
[BlackElo "2412"]
[PlyCount "58"]
[EventDate "2023.01.21"]
[EventType "swiss"]
[EventRounds "11"]
[EventCountry "ESA"]
[SourceTitle "CBM 212 Extra"]
[Source "ChessBase"]
[SourceDate "2023.03.31"]
[SourceVersion "1"]
[SourceVersionDate "2023.03.31"]
[SourceQuality "1"]

1. e4 c5 2. c3 Nf6 3. e5 Nd5 4. Nf3 Nc6 5. Bc4 Nb6 6. Bb3 c4 7. Bc2 g5 8. h3 Bg7 9. b3 Nxe5 10. Nxe5 Bxe5 11. bxc4 Nxc4 12. d3 Nb6 13. Bxg5 Qc7 14. d4 Bf4 15. Qg4 Bxg5 16. Qxg5 d6 17. 0-0 Be6 18. a4 0-0-0 19. a5 Nd5 20. c4 Rhg8 21. Qh6 Qxc4 22. Bxh7 Qxd4 23. Ra3 Nf4 24. Bxg8 Rxg8 25. Kh1 Kb8 26. Rg3 Rc8 27. Qh7 Bc4 28. Re1 Qxf2 29. Ree3 Bd5 0-1

[Event "Central America-ch 24th"]
[Site "San Salvador"]
[Date "2023.01.21"]
[Round "3"]
[White "Francis, Nigel"]
[Black "Del Castilho, Martyn Simon"]
[Result "0-1"]
[WhiteElo "1678"]
[BlackElo "2182"]
[PlyCount "88"]
[EventDate "2023.01.21"]
[EventType "swiss"]
[EventRounds "11"]
[EventCountry "ESA"]
[SourceTitle "CBM 212 Extra"]
[Source "ChessBase"]
[SourceDate "2023.03.31"]
[SourceVersion "1"]
[SourceVersionDate "2023.03.31"]
[SourceQuality "1"]

1. e4 e5 2. Nf3 Nc6 3. Bc4 Nf6 4. Nc3 Bc5 5. 0-0 d6 6. h3 h6 7. d3 a6 8. Be3 Ba7 9. Bxa7 Rxa7 10. d4 0-0 11. dxe5 Nxe5 12. Nxe5 dxe5 13. Qe2 b5 14. Rad1 Qe7 15. Nd5 Nxd5 16. Bxd5 c5 17. Rd2 Rd7 18. Rfd1 Rfd8 19. Bc6 Rxd2 20. Rxd2 Rd6 21. Rxd6 Qxd6 22. Bd5 Be6 23. Bxe6 Qxe6 24. b3 Qd7 25. Qd3 Qd4 26. Kf1 Qa1+ 27. Ke2 Qxa2 28. Qd8+ Kh7 29. Kd2 Qb2 30. Qd5 Qd4+ 31. Ke2 Qxd5 32. exd5 Kg8 33. g4 Kf8 34. Ke3 Ke7 35. c4 bxc4 36. bxc4 g6 37. Ke4 Kd6 38. h4 f6 39. f3 a5 40. h5 gxh5 41. gxh5 a4 42. Kd3 f5 43. Kd2 e4 44. f4 a3 0-1

[Event "American Continental 16th"]
[Site "San Salvador"]
[Date "2022.05.04"]
[Round "4"]
[White "Del Castilho, Martyn Simon"]
[Black "Krysa, Leandro Sergio"]
[Result "0-1"]
[WhiteElo "2289"]
[BlackElo "2525"]
[PlyCount "42"]
[EventDate "2022.05.02"]
[EventType "swiss"]
[EventRounds "11"]
[EventCountry "ESA"]
[SourceTitle "CBM 208 Extra"]
[Source "ChessBase"]
[SourceDate "2022.07.31"]
[SourceVersion "1"]
[SourceVersionDate "2022.07.31"]
[SourceQuality "1"]

1. e4 c5 2. Nf3 Nc6 3. d4 cxd4 4. Nxd4 Nf6 5. Nc3 d6 6. f3 e5 7. Nb3 Be7 8. Be3 0-0 9. Qd2 Be6 10. 0-0-0 a5 11. Bb5 a4 12. Bxa4 Na5 13. Nxa5 Qxa5 14. Bb3 Bxb3 15. cxb3 d5 16. exd5 Bb4 17. Kb1 Bxc3 18. bxc3 Nxd5 19. Qxd5 Qxa2+ 20. Kc1 Ra3 21. Qd6 Rxb3 0-1

[Event "San Pedro de Macoris zt 2.3"]
[Site "San Pedro de Macoris"]
[Date "2022.03.23"]
[Round "6"]
[White "Del Castilho, Martyn Simon"]
[Black "Duran Vega, Sergio"]
[Result "0-1"]
[WhiteElo "2304"]
[BlackElo "2368"]
[PlyCount "97"]
[EventDate "2022.03.20"]
[EventType "swiss"]
[EventRounds "9"]
[EventCountry "DOM"]
[SourceTitle "EXT 2023"]
[Source "ChessBase"]
[SourceDate "2022.10.05"]
[SourceVersion "1"]
[SourceVersionDate "2022.10.05"]
[SourceQuality "1"]

1. c4 e5 2. Nc3 Bb4 3. Nd5 a5 4. Nf3 d6 5. a3 Bc5 6. e3 c6 7. Nc3 Nd7 8. d4 Ba7 9. Be2 Ngf6 10. g4 0-0 11. g5 Ne8 12. h4 Qe7 13. Qc2 f5 14. Bd2 Nc7 15. 0-0-0 e4 16. Ng1 b5 17. cxb5 cxb5 18. Nxb5 Nxb5 19. Bxb5 Rb8 20. Bc4+ d5 21. Bxd5+ Kh8 22. Ne2 Ba6 23. Nf4 Nb6 24. Ba2 Rfc8 25. Bc3 Bc4 26. Kb1 Bxa2+ 27. Kxa2 Nc4 28. h5 Nxb2 29. Qxb2 Rxb2+ 30. Bxb2 Qb7 31. Rc1 Rb8 32. Rc2 Bb6 33. h6 g6 34. d5+ Kg8 35. Be5 Bc7 36. Rb2 Bxe5 37. Rxb7 Rxb7 38. Rb1 Rxb1 39. Kxb1 Kf7 40. Kc2 a4 41. Ne6 Bd6 42. Kb2 Be7 43. Ka2 Ke8 44. Kb2 Kd7 45. Ka2 Kd6 46. Kb2 Ke5 47. Nd4 Kxd5 48. Kc3 Bxa3 49. Nb5 0-1

[Event "FIDE World Cup American Qual Gp2"]
[Site "Tornelo INT"]
[Date "2021.05.24"]
[Round "2.1"]
[White "Del Castilho, Martyn Simon"]
[Black "Delgado Ramirez, Neuris"]
[Result "0-1"]
[WhiteElo "2304"]
[BlackElo "2622"]
[PlyCount "76"]
[EventDate "2021.05.22"]
[EventType "k.o. (rapid)"]
[EventRounds "4"]
[EventCountry "USA"]
[SourceTitle "CBM 202 Extra"]
[Source "ChessBase"]
[SourceDate "2021.07.31"]
[SourceVersion "1"]
[SourceVersionDate "2021.07.31"]
[SourceQuality "1"]

1. e4 c5 2. Nf3 d6 3. d4 cxd4 4. Nxd4 Nf6 5. Nc3 Nc6 6. f3 e5 7. Nb3 Be7 8. Be3 0-0 9. Qd2 a5 10. Bb5 Na7 11. Bxa7 Rxa7 12. a4 Be6 13. 0-0-0 Ne8 14. Kb1 Nc7 15. f4 Bg4 16. Rde1 exf4 17. Qxf4 Bd7 18. Bxd7 Qxd7 19. Rd1 b5 20. Qf5 Qxf5 21. exf5 bxa4 22. Nxa4 Rb8 23. Nd4 Ra6 24. Rhe1 Bf6 25. c3 h5 26. Kc2 Nd5 27. g3 Nb4+ 28. cxb4 Rxb4 29. Re8+ Kh7 30. Nf3 Rxa4 31. h4 Rg4 32. Rd3 Rc6+ 33. Kb1 Rc5 34. Rxd6 Rxg3 35. Ng5+ Bxg5 36. hxg5 Rxf5 37. g6+ Rxg6 38. Rdd8 Rb6 0-1

[Event "Online Olym Div3 E"]
[Site "Chess.com INT"]
[Date "2020.08.08"]
[Round "6.2"]
[White "Arias, Daniel1111"]
[Black "Del Castilho, Martyn Simon"]
[Result "1-0"]
[WhiteElo "2285"]
[BlackElo "2293"]
[PlyCount "113"]
[EventDate "2020.08.07"]
[EventType "team-tourn (rapid)"]
[EventRounds "9"]
[EventCountry "USA"]
[SourceTitle "CBM 198"]
[Source "ChessBase"]
[SourceDate "2020.10.31"]
[SourceVersion "1"]
[SourceVersionDate "2020.10.31"]
[SourceQuality "1"]
[WhiteTeam "El Salvador"]
[BlackTeam "Barbados"]
[WhiteTeamCountry "ESA"]
[BlackTeamCountry "BAR"]

1. e4 c5 2. Nf3 e6 3. d4 cxd4 4. Nxd4 Nc6 5. Nc3 Qc7 6. g3 a6 7. Bg2 Nf6 8. 0-0 Nxd4 9. Qxd4 Bc5 10. Qd3 h6 11. Na4 Rb8 12. Nxc5 Qxc5 13. Be3 Qc7 14. c4 b6 15. Rac1 d6 16. Rfd1 Ke7 17. Qa3 Ng4 18. Bd2 Rd8 19. Bb4 a5 20. Bc3 e5 21. h3 Nf6 22. Bxe5 Qc5 23. Bxf6+ Kxf6 24. Qf3+ Ke7 25. Rd5 Qc7 26. Qc3 Be6 27. Qxg7 Bxd5 28. exd5 Re8 29. Qxh6 Kd8 30. b3 Qe7 31. h4 Qe5 32. Bh3 Rb7 33. Qg5+ Qxg5 34. hxg5 Rbe7 35. Kg2 Re2 36. Ra1 Rb2 37. Bg4 Re5 38. g6 fxg6 39. Rh1 Rxa2 40. Rh8+ Re8 41. Rh6 Re7 42. Rxg6 Kc7 43. Rg8 Rb2 44. Rc8+ Kb7 45. Rc6 Rxb3 46. Rxd6 a4 47. Bd1 Rb4 48. Rf6 a3 49. d6 Rd7 50. Bf3+ Kc8 51. Bg4 a2 52. Rf8+ Kb7 53. Bf3+ Ka6 54. Ra8+ Ra7 55. Rxa7+ Kxa7 56. d7 a1Q 57. d8Q 1-0

[Event "Mexican op 64th"]
[Site "Aguascalientes"]
[Date "2018.03.31"]
[Round "7"]
[White "Henriquez Villagra, Cristobal"]
[Black "Del Castilho, Martyn Simon"]
[Result "1-0"]
[WhiteElo "2501"]
[BlackElo "2239"]
[PlyCount "59"]
[EventDate "2018.03.27"]
[EventType "swiss"]
[EventRounds "9"]
[EventCountry "MEX"]
[SourceTitle "EXT 2019"]
[Source "ChessBase"]
[SourceDate "2018.10.10"]
[SourceVersion "1"]
[SourceVersionDate "2018.10.10"]
[SourceQuality "1"]

1. d4 d5 2. Nf3 Nf6 3. Bf4 c5 4. e3 Nc6 5. c3 Qb6 6. Qb3 c4 7. Qc2 Bf5 8. Qc1 e6 9. h3 Be7 10. Nbd2 0-0 11. g4 Bg6 12. Nh4 Be4 13. Rg1 Nd7 14. Nhf3 Bxf3 15. Nxf3 f6 16. Qc2 e5 17. Bh2 e4 18. Nd2 Na5 19. b4 cxb3 20. axb3 Rfc8 21. Qa2 Rxc3 22. Qxa5 Qxa5 23. Rxa5 Bb4 24. Ra2 Rc1+ 25. Ke2 Rac8 26. Bg2 R1c2 27. Rga1 Bxd2 28. Kd1 Rxa2 29. Rxa2 Bb4 30. Rxa7 1-0

[Event "Mexican op 64th"]
[Site "Aguascalientes"]
[Date "2018.03.29"]
[Round "3"]
[White "Almeida Quintana, Omar"]
[Black "Del Castilho, Martyn Simon"]
[Result "1-0"]
[WhiteElo "2521"]
[BlackElo "2239"]
[PlyCount "102"]
[EventDate "2018.03.27"]
[EventType "swiss"]
[EventRounds "9"]
[EventCountry "MEX"]
[SourceTitle "EXT 2019"]
[Source "ChessBase"]
[SourceDate "2018.10.10"]
[SourceVersion "1"]
[SourceVersionDate "2018.10.10"]
[SourceQuality "1"]

1. d4 d5 2. Nf3 Nf6 3. c4 e6 4. e3 Be7 5. Bd3 0-0 6. 0-0 b6 7. b3 Bb7 8. Bb2 c5 9. Nbd2 Nbd7 10. Qe2 Rc8 11. Rfd1 Qc7 12. Rac1 Qb8 13. cxd5 Nxd5 14. Ne5 N7f6 15. dxc5 Bxc5 16. Ng4 Be7 17. Nc4 Nxg4 18. Qxg4 Bf6 19. Qe4 g6 20. Bxf6 Nxf6 21. Qd4 Nd5 22. e4 Nf4 23. Bf1 Rfd8 24. Qf6 Nh5 25. Qe7 Bxe4 26. Rxd8+ Rxd8 27. Ne5 Rf8 28. Rc7 Qd8 29. Rxa7 Qxe7 30. Rxe7 Ra8 31. f3 Bd5 32. Rxf7 Rxa2 33. b4 Ra1 34. Kf2 Rb1 35. g4 Rb2+ 36. Be2 Ng7 37. Rc7 h5 38. b5 hxg4 39. fxg4 g5 40. Ke3 Ne8 41. Rc8 Kf8 42. Nd7+ Ke7 43. Nxb6 Nd6 44. Rc7+ Ke8 45. Rc5 Rb3+ 46. Kd4 Rb4+ 47. Kc3 Re4 48. Kd3 Re5 49. Nxd5 exd5 50. Bf3 Ne4 51. Kd4 Re7 1-0

[Event "American Continental 13th"]
[Site "Medellin"]
[Date "2017.06.14"]
[Round "7"]
[White "Gallego, Julian Andres"]
[Black "Del Castilho, Martyn Simon"]
[Result "0-1"]
[WhiteElo "2027"]
[BlackElo "2254"]
[PlyCount "56"]
[EventDate "2017.06.10"]
[EventType "swiss"]
[EventRounds "11"]
[EventCountry "COL"]
[SourceTitle "CBM 178 Extra"]
[Source "ChessBase"]
[SourceDate "2017.06.22"]
[SourceVersion "1"]
[SourceVersionDate "2017.06.22"]
[SourceQuality "1"]

1. d4 d5 2. c4 e6 3. Nf3 Nf6 4. Nc3 Bb4 5. Bd2 0-0 6. e3 b6 7. a3 Be7 8. b4 Bb7 9. c5 bxc5 10. bxc5 Qc8 11. Ne5 Ba6 12. Bxa6 Qxa6 13. Qe2 Qxe2+ 14. Kxe2 Nfd7 15. Nd3 Nc6 16. f4 Rfb8 17. Rhb1 Rxb1 18. Rxb1 Rb8 19. Rxb8+ Ndxb8 20. Nb5 Bd8 21. Nb4 Kf8 22. Be1 Ke8 23. g4 Kd7 24. Nc2 f6 25. Nc3 Ne7 26. Bd2 Nbc6 27. Kd3 e5 28. h4 e4+ 0-1

[Event "Olympiad-42"]
[Site "Baku"]
[Date "2016.09.13"]
[Round "11.2"]
[White "Del Castilho, Martyn Simon"]
[Black "Andersen, Mads"]
[Result "0-1"]
[WhiteElo "2248"]
[BlackElo "2535"]
[PlyCount "86"]
[EventDate "2016.09.02"]
[EventType "team-swiss"]
[EventRounds "11"]
[EventCountry "AZE"]
[SourceTitle "CBM 175"]
[Source "ChessBase"]
[SourceDate "2016.11.10"]
[SourceVersion "1"]
[SourceVersionDate "2016.11.10"]
[SourceQuality "1"]
[WhiteTeam "Barbados"]
[BlackTeam "Denmark"]
[WhiteTeamCountry "BAR"]
[BlackTeamCountry "DEN"]

1. e4 c5 2. Nf3 d6 3. d4 cxd4 4. Nxd4 Nf6 5. Nc3 a6 6. Bg5 e6 7. f4 Nbd7 8. Qe2 Qc7 9. 0-0-0 b5 10. a3 Bb7 11. g4 Be7 12. Bh4 h6 13. Kb1 Rc8 14. Rg1 g5 15. fxg5 hxg5 16. Bxg5 Qb6 17. Qe1 Rxc3 18. Bxf6 Nxf6 19. Qxc3 Nxe4 20. Qe1 Bh4 21. Qe2 Bf2 22. Bg2 Bxg1 23. Bxe4 Rxh2 24. Qd3 Bxd4 25. Bxb7 Qxb7 26. Qxd4 Qc6 27. c4 Qg2 28. Qc3 bxc4 29. Ka2 d5 30. Qf6 Qf2 31. Qe5 Kf8 32. Qb8+ Kg7 33. Qe5+ Kg8 34. Rb1 d4 35. Qg5+ Kh7 36. Qa5 Qf3 37. Qe5 Qf2 38. Qa5 c3 39. Qxa6 Qf3 40. Qc4 Qb7 41. Qf1 Kg8 42. g5 Rxb2+ 43. Ka1 Qb3 0-1